| 000 | 01352nam0a22002891 4500 | ||
|---|---|---|---|
| 001 | rc\638119 | ||
| 005 | 20031121164630.1 | ||
| 035 | _a(NLR Aleph) 005879726 | ||
| 090 |
_a6065130 _c6065130 |
||
| 100 | _a20031121d1986 u |0rusy50 ca | ||
| 101 | 0 | _arus | |
| 102 | _aRU | ||
| 105 | _ay ||||||||| | ||
| 200 | 1 |
_aОсновы рационального питания спортсменов _eМетод. рекомендации _fКиев. гос. ин-т физ. культуры. Фак. повышения квалификации руководящих физкультур. работников и тренеров _g[Подгот. доц., к. б. н. Калинский М.И.] |
|
| 210 |
_aКиев _cКГИФК _d1986 |
||
| 215 |
_a31 с. _d20 |
||
| 225 | 1 | _aСерия "Новое в науке и практике физической культуры и спорта" | |
| 300 | _aНа обл.: Метод. рекомендации 1986/4 | ||
| 320 | _aБиблиогр.: с. 31 | ||
| 512 | 0 | _aМетодические рекомендации 1986/4 | |
| 702 | 1 |
_aКалинский _bМ. И. _gМихаил Иванович _4570 |
|
| 712 | 0 | 2 |
_aКиевский ин-т физ. культуры _3RU\NLR\AUTH\889950321 |
| 801 | 0 |
_aRU _bNLR _gpsbo |
|
| 801 | 1 |
_aRU _bELAR _2rusmarc |
|
| 852 |
_aNLR _j87-4/16807 |
||
| 942 | _cBOOK | ||
| 980 | _aNB | ||